000 00406nam a2200169Ia 4500
008 210210b1987 xxu||||| |||| 00| 0 eng d
082 _a820.33 VIJS
100 _aVIJAYAN (O V)
245 _aSaga of Dharmakpuri
260 _aN D
_bPenguin Books India (P) Ltd
_c1987
300 _a160
650 _aSaga
650 _aof
650 _aDharmakpuri
690 _aIndian English Fiction
906 _a041696
999 _c91797
_d91797